Základy racionalizační praxe

Saved in:
Bibliographic Details
Main Author: Kubík, Jaroslav
Format: Book
Language:Slovak
Published: Praha Institút řízení 1969
Tags: Add Tag
No Tags, Be the first to tag this record!

MARC

LEADER 00000nam a2200000 4500
001 c121878
005 20200724120511.5
041 0 |a slo 
044 |a CZ 
245 1 0 |a Základy racionalizační praxe  |c Jaroslav Kubík 
264 1 |a Praha  |b Institút řízení  |c 1969 
300 |a 182 s. 
100 1 |a Kubík, Jaroslav